Normal view
MARC view
Entry Personal Name
001 - CONTROL NUMBER
- control field: 9128
003 - CONTROL NUMBER IDENTIFIER
- control field: ARRUPE
005 - DATE AND TIME OF LATEST TRANSACTION
- control field: 20140318115641.0
008 - FIXED-LENGTH DATA ELEMENTS
- fixed length control field: 140318|| aca||aabn | a|a d
040 ## - CATALOGING SOURCE
- Original cataloging agency: ARRUPE
- Transcribing agency: ARRUPE
100 ## - HEADING--PERSONAL NAME
- Personal name: Dupré, Louis K.,
- Dates associated with a name: 1925-,
- Relator term: author.
670 ## - SOURCE DATA FOUND
- Source citation: Work cat.: (ARRUPE)0: Dupré, Louis K., 1925-, author., The quest of the absolute :